000 00906nam a22002297a 4500
005 20140331090810.0
008 140331s2010 ck ao gr|||| 00| 0 spa d
020 _a9789589771426
041 _aspa
044 _ack
082 _a580.7
_bC26f
100 1 _aCardona Naranjo, Felipe Alfonso
_923158
245 1 0 _aFlora de la Miel
_bCentral Hidroeléctrica Miel I - Oriente de Caldas
_cFelipe Alfonso Cardona Naranjo, Heriberto David Higuita, Saúl Ernesto Hoyos Gómez
260 3 _aMedellín
_bUniversidad de Antioquia
_c2010
300 _a228 p.
_bil., fot.
_c22 cm
504 _aIncluye bibliografía (páginas 226 - 228)
650 4 _aFlora
_vGuía ilustrada
_xMiel
_zColombia
_923159
650 4 _aCentral Hidroeléctrica Miel I
_vGuía ilustrada
_xPlantas vasculares
_zColombia
_923160
700 1 _aHiguita, Heriberto David
_923161
700 1 _aHoyos Gómez, Saúl Ernesto
_923162
942 _2ddc
_cImpreso
999 _c8323
_d8323